Allgemeines Repertorium der neuesten in- und ausländischen Literatur

Bibliographic Details
New Title:Neues allgemeines Repertorium der neuesten in- und ausländischen Literatur
Corporate Author: Heubner und Volcke (Viedeň, Rakúsko) (Printer)
Other Authors: Cnobloch, Karl, 1778-1834 (Printer)
Format: Journal
Language:German
PhysicalDescription:21 cm
Subjects:

MARC

LEADER 00000nas a2200000 4500
001 vtls012279705
003 SK-MaSNL
005 20260228155844.0
008 250716d18191832gw er p 000 b0ger
015 |a SNBHFB 
040 |a SNKHF  |b slo  |c SNKHF  |e rda 
041 0 |a ger 
044 |a gw  |a au  |c DE  |c AT 
072 7 |a 82  |x Literatúra. Literárny život  |2 konspekt 
080 |a (051)-048.55  |2 2011 
080 |a 82  |2 2011 
245 0 0 |a Allgemeines Repertorium der neuesten in- und ausländischen Literatur 
264 3 |a Leipzig  |a Wien  |b bei Carl Cnobloch  |b bei Heubner und Volcke  |c 1819-1832 
264 3 |3 1822-  |a Leipzig  |b bei Carl Cnobloch 
300 |c 21 cm 
310 |a 1x za dva týždne 
321 |a 4x ročne 
336 |a text  |b txt  |2 rdacontent 
337 |a bez média  |b n  |2 rdamedia 
338 |a zväzok  |b nc  |2 rdacarrierr 
362 0 |a 1.1819-14.1832 
500 |a Editor: Christian Daniel Beck 
561 |a Proveniencia: pečiatka Dr. E. Kadarász - ver. not. poz. Margity Zayovej Čís.12259-12410.  |5 SNK ČC 4473/1819-1832 
650 0 7 |a literatúra  |2 SNKPH  |9 1427 
655 7 |a špecializované časopisy  |2 SNKPH  |9 70509 
700 1 |a Cnobloch, Karl,  |d 1778-1834  |4 prt  |9 265471 
710 2 |a Heubner und Volcke (Viedeň, Rakúsko)  |4 prt  |9 265472 
752 |a Nemecko  |d Lipsko 
752 |a Rakúsko  |d Viedeň 
785 0 0 |t Neues allgemeines Repertorium der neuesten in- und ausländischen Literatur 
852 |a snk  |b Zaiova knižnica: Zay 11623-11770  |p ČC 4473/1819-1832 
958 |a DF 
999 |c 747  |d 747 
952 |0 0  |1 0  |4 0  |7 0  |8 5  |a SNK  |b SNK  |c SNK_HF  |d 2025-07-21  |i snk2025/11739  |l 0  |o snkČC 4473/1832  |p 17A1490046  |r 2026-02-21 22:33:51  |t Zay 11751-11770  |w 2026-02-21  |y PREZ 
952 |0 0  |1 0  |4 0  |7 0  |8 5  |a SNK  |b SNK  |c SNK_HF  |d 2025-07-16  |i snk2025/11466  |l 0  |o snkČC 4473/1819/1  |p 17A1489970  |r 2026-02-21 22:34:17  |t Zay 11623  |w 2026-02-21  |y PREZ 
952 |0 0  |1 0  |4 0  |7 0  |8 5  |a SNK  |b SNK  |c SNK_HF  |d 2025-07-16  |i snk2025/11484  |l 0  |o snkČC 4473/1823/1  |p 17A1489985  |r 2026-02-21 22:34:17  |t Zay 11639  |w 2026-02-21  |y PREZ 
952 |0 0  |1 0  |4 0  |7 0  |8 5  |a SNK  |b SNK  |c SNK_HF  |d 2025-07-16  |i snk2025/11485  |l 0  |o snkČC 4473/1823/2  |p 17A1489984  |r 2026-02-21 22:34:18  |t Zay 11640  |w 2026-02-21  |y PREZ 
952 |0 0  |1 0  |4 0  |7 0  |8 5  |a SNK  |b SNK  |c SNK_HF  |d 2025-07-16  |i snk2025/11487  |l 0  |o snkČC 4473/1823/3  |p 17A1489983  |r 2026-02-21 22:34:18  |t Zay 11641  |w 2026-02-21  |y PREZ 
952 |0 0  |1 0  |4 0  |7 0  |8 5  |a SNK  |b SNK  |c SNK_HF  |d 2025-07-16  |i snk2025/11490  |l 0  |o snkČC 4473/1823/4  |p 17A1489982  |r 2026-02-21 22:34:18  |t Zay 11642  |w 2026-02-21  |y PREZ 
952 |0 0  |1 0  |4 0  |7 0  |8 5  |a SNK  |b SNK  |c SNK_HF  |d 2025-07-16  |i snk2025/11467  |l 0  |o snkČC 4473/1819/2  |p 17A1489969  |r 2026-02-21 22:34:18  |t Zay 11624  |w 2026-02-21  |y PREZ 
952 |0 0  |1 0  |4 0  |7 0  |8 5  |a SNK  |b SNK  |c SNK_HF  |d 2025-07-16  |i snk2025/11468  |l 0  |o snkČC 4473/1819/3  |p 17A1489968  |r 2026-02-21 22:34:18  |t Zay 11625  |w 2026-02-21  |y PREZ 
952 |0 0  |1 0  |4 0  |7 0  |8 5  |a SNK  |b SNK  |c SNK_HF  |d 2025-07-16  |i snk2025/11469  |l 0  |o snkČC 4473/1819/4  |p 17A1489998  |r 2026-02-21 22:34:18  |t Zay 11626  |w 2026-02-21  |y PREZ 
952 |0 0  |1 0  |4 0  |7 0  |8 5  |a SNK  |b SNK  |c SNK_HF  |d 2025-07-16  |i snk2025/11470  |l 0  |o snkČC 4473/1820/1  |p 17A1489997  |r 2026-02-21 22:34:18  |t Zay 11627  |w 2026-02-21  |y PREZ 
952 |0 0  |1 0  |4 0  |7 0  |8 5  |a SNK  |b SNK  |c SNK_HF  |d 2025-07-16  |i snk2025/11471  |l 0  |o snkČC 4473/1820/2  |p 17A1489996  |r 2026-02-21 22:34:18  |t Zay 11628  |w 2026-02-21  |y PREZ 
952 |0 0  |1 0  |4 0  |7 0  |8 5  |a SNK  |b SNK  |c SNK_HF  |d 2025-07-16  |i snk2025/11472  |l 0  |o snkČC 4473/1820/3  |p 17A1489995  |r 2026-02-21 22:34:18  |t Zay 11629  |w 2026-02-21  |y PREZ 
952 |0 0  |1 0  |4 0  |7 0  |8 5  |a SNK  |b SNK  |c SNK_HF  |d 2025-07-16  |i snk2025/11473  |l 0  |o snkČC 4473/1820/4  |p 17A1489994  |r 2026-02-21 22:34:18  |t Zay 11630  |w 2026-02-21  |y PREZ 
952 |0 0  |1 0  |4 0  |7 0  |8 5  |a SNK  |b SNK  |c SNK_HF  |d 2025-07-16  |i snk2025/11474  |l 0  |o snkČC 4473/1821/1  |p 17A1489993  |r 2026-02-21 22:34:18  |t Zay 11631  |w 2026-02-21  |y PREZ 
952 |0 0  |1 0  |4 0  |7 0  |8 5  |a SNK  |b SNK  |c SNK_HF  |d 2025-07-16  |i snk2025/11476  |l 0  |o snkČC 4473/1821/2  |p 17A1489992  |r 2026-02-21 22:34:18  |t Zay 11632  |w 2026-02-21  |y PREZ 
952 |0 0  |1 0  |4 0  |7 0  |8 5  |a SNK  |b SNK  |c SNK_HF  |d 2025-07-16  |i snk2025/11477  |l 0  |o snkČC 4473/1821/3  |p 17A1489991  |r 2026-02-21 22:34:18  |t Zay 11633  |w 2026-02-21  |y PREZ 
952 |0 0  |1 0  |4 0  |7 0  |8 5  |a SNK  |b SNK  |c SNK_HF  |d 2025-07-16  |i snk2025/11479  |l 0  |o snkČC 4473/1821/4  |p 17A1489990  |r 2026-02-21 22:34:18  |t Zay 11634  |w 2026-02-21  |y PREZ 
952 |0 0  |1 0  |4 0  |7 0  |8 5  |a SNK  |b SNK  |c SNK_HF  |d 2025-07-16  |i snk2025/11480  |l 0  |o snkČC 4473/1822/1  |p 17A1489989  |r 2026-02-21 22:34:18  |t Zay 11635  |w 2026-02-21  |y PREZ 
952 |0 0  |1 0  |4 0  |7 0  |8 5  |a SNK  |b SNK  |c SNK_HF  |d 2025-07-16  |i snk2025/11481  |l 0  |o snkČC 4473/1822/2  |p 17A1489988  |r 2026-02-21 22:34:19  |t Zay 11636  |w 2026-02-21  |y PREZ 
952 |0 0  |1 0  |4 0  |7 0  |8 5  |a SNK  |b SNK  |c SNK_HF  |d 2025-07-16  |i snk2025/11482  |l 0  |o snkČC 4473/1822/3  |p 17A1489987  |r 2026-02-21 22:34:19  |t Zay 11637  |w 2026-02-21  |y PREZ 
952 |0 0  |1 0  |4 0  |7 0  |8 5  |a SNK  |b SNK  |c SNK_HF  |d 2025-07-16  |i snk2025/11483  |l 0  |o snkČC 4473/1822/4  |p 17A1489986  |r 2026-02-21 22:34:19  |t Zay 11638  |w 2026-02-21  |y PREZ 
952 |0 0  |1 0  |4 0  |7 0  |8 5  |a SNK  |b SNK  |c SNK_HF  |d 2025-07-18  |i snk2025/11640  |l 0  |o snkČC 4473/1824  |p 17A1489976  |r 2026-02-21 22:34:20  |t Zay 11643-11659  |w 2026-02-21  |y PREZ 
952 |0 0  |1 0  |4 0  |7 0  |8 5  |a SNK  |b SNK  |c SNK_HF  |d 2025-07-18  |i snk2025/11642  |l 0  |o snkČC 4473/1825  |p 17A1489975  |r 2026-02-21 22:34:21  |t Zay 11660-11676  |w 2026-02-21  |y PREZ 
952 |0 0  |1 0  |4 0  |7 0  |8 5  |a SNK  |b SNK  |c SNK_HF  |d 2025-07-18  |i snk2025/11646  |l 0  |o snkČC 4473/1826  |p 17A1489974  |r 2026-02-21 22:34:21  |t Zay 11677-11691  |w 2026-02-21  |y PREZ 
952 |0 0  |1 0  |4 0  |7 0  |8 5  |a SNK  |b SNK  |c SNK_HF  |d 2025-07-18  |i snk2025/11648  |l 0  |o snkČC 4473/1827/1  |p 17A1489999  |r 2026-02-21 22:34:21  |t Zay 11693  |w 2026-02-21  |y PREZ 
952 |0 0  |1 0  |4 0  |7 0  |8 5  |a SNK  |b SNK  |c SNK_HF  |d 2025-07-18  |i snk2025/11651  |l 0  |o snkČC 4473/1827/2  |p 17A1490000  |r 2026-02-21 22:34:21  |t Zay 11694  |w 2026-02-21  |y PREZ 
952 |0 0  |1 0  |4 0  |7 0  |8 5  |a SNK  |b SNK  |c SNK_HF  |d 2025-07-18  |i snk2025/11657  |l 0  |o snkČC 4473/1827/4  |p 17A1490001  |r 2026-02-21 22:34:21  |t Zay 11692  |w 2026-02-21  |y PREZ 
952 |0 0  |1 0  |4 0  |7 0  |8 5  |a SNK  |b SNK  |c SNK_HF  |d 2025-07-18  |i snk2025/11658  |l 0  |o snkČC 4473/1828/1  |p 17A1490002  |r 2026-02-21 22:34:21  |t Zay 11695  |w 2026-02-21  |y PREZ 
952 |0 0  |1 0  |4 0  |7 0  |8 5  |a SNK  |b SNK  |c SNK_HF  |d 2025-07-18  |i snk2025/11659  |l 0  |o snkČC 4473/1828/2  |p 17A1490003  |r 2026-02-21 22:34:21  |t Zay 11696  |w 2026-02-21  |y PREZ 
952 |0 0  |1 0  |4 0  |7 0  |8 5  |a SNK  |b SNK  |c SNK_HF  |d 2025-07-18  |i snk2025/11663  |l 0  |o snkČC 4473/1828/3  |p 17A1490004  |r 2026-02-21 22:34:21  |t Zay 11697  |w 2026-02-21  |y PREZ 
952 |0 0  |1 0  |4 0  |7 0  |8 5  |a SNK  |b SNK  |c SNK_HF  |d 2025-07-18  |i snk2025/11670  |l 0  |o snkČC 4473/1828/4  |p 17A1490005  |r 2026-02-21 22:34:21  |t Zay 11698  |w 2026-02-21  |y PREZ 
952 |0 0  |1 0  |4 0  |7 0  |8 5  |a SNK  |b SNK  |c SNK_HF  |d 2025-07-18  |i snk2025/11671  |l 0  |o snkČC 4473/1829  |p 17A1490006  |r 2026-02-21 22:34:21  |t Zay 11700-11712  |w 2026-02-21  |y PREZ 
952 |0 0  |1 0  |4 0  |7 0  |8 5  |a SNK  |b SNK  |c SNK_HF  |d 2025-07-18  |i snk2025/11674  |l 0  |o snkČC 4473/1830  |p 17A1490007  |r 2026-02-21 22:34:21  |t Zay 11714-11736  |w 2026-02-21  |y PREZ 
952 |0 0  |1 0  |4 0  |7 0  |8 5  |a SNK  |b SNK  |c SNK_HF  |d 2025-07-18  |i snk2025/11676  |l 0  |o snkČC 4473/1831  |p 17A1490008  |r 2026-02-21 22:34:21  |t Zay 11699,11716,11737-11750  |w 2026-02-21  |y PREZ